| 000 | 00663nam a2200181 i 4500 | ||
|---|---|---|---|
| 001 | 158227 | ||
| 003 | ES-MaACL | ||
| 005 | 20250807065806.0 | ||
| 008 | 040825s1881 sp |||| | spa d | ||
| 040 |
_aCAM _bspa _cCAM |
||
| 100 | 1 |
_aLuna, Luisa. _9129143 |
|
| 245 | 1 | 3 |
_aLa mision de la mujer en la sociedad y la familia _b: ligeras observaciones / _cpor Luisa Luna. |
| 260 |
_aMadrid : _b[s.n.], _c1881 ( _fEstablecimiento tipográficos de M. Minuesa) |
||
| 300 |
_a18 p. ; _c16 cm. |
||
| 650 | 7 |
_aMujeres _2embne _915251 |
|
| 852 |
_aES-MaACL _jT-1299-F-1 _z-- Enc. hol. conservando la cub. original _z-- Enc. en un vol. facticio |
||
| 999 |
_c158227 _d158227 |
||